000 00333nam a2200097Ia 4500
082 _a658.4092 BUSH
245 0 _aClear leadership : sustaining real collaboration and partnership at work
100 _a BUSHE, Gervase R. Mountain View, CA, [c.2009] Rev. ed
_9100411
942 _cBK
008 210818s9999 xx 000 0 und d
999 _c430560
_d430558